|
|
|
|
| LEADER |
00000cam a2200000 i 4500 |
| 001 |
1/87286 |
| 008 |
051012s1964 gre d |
| 035 |
|
|
|l 10080779
|
| 040 |
|
|
|a GR-MY-UA
|b gre
|e aacr
|
| 041 |
0 |
|
|a gre
|
| 082 |
0 |
|
|a 808.80382
|2 (22)
|
| 100 |
1 |
|
|a Καράσης, Μαριανός Δ.,
|d 1940-
|
| 245 |
1 |
0 |
|a Ομορφιά και οδύνη :
|b το χρονικό μιάς ψυχής /
|c Μαρίνου Καράση
|
| 260 |
|
|
|a Αθήνα :
|b [χ.ό.],
|c 1964
|
| 300 |
|
|
|a 110 σ.
|
| 500 |
|
|
|a Με: Οι δυνατοί. - Σταυρός στο χέρι / Φώτη Βαρέλη. - Στο Αιγαίο κάποτε... / Γεωργίου Μαρτίνη. - Τα τέσσαρα χρώματα / Αυγουστίνου Ν. Καντιώτου. - Ελευθέρα και ζώσα εκκλησία / Αυγουστίνου Ν. Καντιώτου
|
| 650 |
0 |
0 |
|a Poetry
|x Collections.
|
| 852 |
|
|
|a INST
|b RHODES
|c KRI
|e 20051012
|h 808.80382 ΜΠΑ
|p 005400030505
|q 005400030505
|t BK
|y 0
|
| 901 |
|
|
|a BIBL4-2005-3
|
| 909 |
|
|
|a Ρ
|b 122142
|
| 970 |
|
|
|a ΚΟΖΑ
|b ΜΑΡΙΑ
|z 2005/10/12
|